Normal view
MARC view
- قواعد البيانات- حاسوب
Entry Topical Term
001 - CONTROL NUMBER
- control field: 57140
003 - CONTROL NUMBER IDENTIFIER
- control field: JO-AjAnu
005 - DATE AND TIME OF LATEST TRANSACTION
- control field: 20230606083347.0
008 - FIXED-LENGTH DATA ELEMENTS
- fixed length control field: 230606|| aca||aabn | a|a d
040 ## - CATALOGING SOURCE
- Original cataloging agency: JO-AjAnu
- Transcribing agency: JO-AjAnu
150 ## - HEADING--TOPICAL TERM
- Topical term or geographic name entry element: قواعد البيانات- حاسوب
670 ## - SOURCE DATA FOUND
- Source citation: Work cat.: (JO-AjAnu)29155: الحمامي، علاء حسين ؛ م.مشارك سعد عبد العزيز العاني, author 57139, مفاهيم وتطبيقات تكنولوجيا قواعد البيانات = Concepts and Applications of Data Bases Technology